Druhý dôchodkový pilier nemá jasný obsah

Vláda nedokázala nájsť spoločnú reč v tom, či bude o investovaní peňazí rozhodovať sám občan alebo štát. Dve koncepcie investovania peňazí poistencov - ide o to, či si dôchodkový fond vyberie poistenec sám alebo centrálny orgán. Problematika zodpovednosti. Druhý dôchodkový pilier - poistný alebo spo...

Descrizione completa

Salvato in:
Dettagli Bibliografici
Autore principale: Baťo, Rado
Natura: Capitolo di libro
Lingua:slovacco
Soggetti:
Tags: Aggiungi Tag
Nessun Tag, puoi essere il primo ad aggiungerne!!

MARC

LEADER 00000naa a2200000 4500
001 r045867
005 20230921114032.8
041 0 |a slo 
044 |a SK 
245 1 0 |a Druhý dôchodkový pilier nemá jasný obsah  |c Rado Baťo 
520 |a Vláda nedokázala nájsť spoločnú reč v tom, či bude o investovaní peňazí rozhodovať sám občan alebo štát. Dve koncepcie investovania peňazí poistencov - ide o to, či si dôchodkový fond vyberie poistenec sám alebo centrálny orgán. Problematika zodpovednosti. Druhý dôchodkový pilier - poistný alebo sporivý. Výška odvodov. 
610 2 0 |a dôchodky 
610 2 0 |a dôchodky starobné 
610 2 0 |a investovanie 
610 2 0 |a peniaze 
610 2 0 |a poistenci 
610 2 0 |a štát 
610 2 0 |a zodpovednosť 
610 2 0 |a odvody 
610 2 0 |a Slovensko 
100 1 |a Baťo, Rado